| 000 | 02382cam a22003971a 4500 | ||
|---|---|---|---|
| 003 | BJBSDDR | ||
| 005 | 20260423110421.0 | ||
| 007 | ta | ||
| 008 | 020919s2003 njua b 001 0 eng | ||
| 020 | _a047132339X (pbk.) | ||
| 020 | _a9780471323396 (pbk.) | ||
| 040 |
_aDLC _cDLC _beng |
||
| 041 | _aeng | ||
| 043 | _an-us--- | ||
| 050 | 1 | 4 |
_aHD 255 _bM478i 2003 |
| 082 | 0 | 0 | _a332.63/24 |
| 100 | 1 |
_aMcLean, Andrew James, _d1944- _924029 |
|
| 245 | 1 | 0 |
_aInvesting in real estate / _cAndrew McLean & Gary W. Eldred. |
| 246 | 3 | 0 | _aReal estate |
| 250 | _aFourth edition | ||
| 260 |
_aHoboken, N.J. : _bJohn Wiley & Sons, _cc2003. |
||
| 300 |
_axvi, 320 pages : _billustrations ; _c23 cm. |
||
| 504 | _aIncludes bibliographical references and index. | ||
| 505 | 0 | _a1. Why Income Properties Remain Your Best Route to a Prosperous Future; 2. Financing: Borrow Smart, Build Wealth; 3. Appraisal: How to Discover Great Properties; 4. Maximize Cash Flows and Returns; 5. How to Find Bargains; 6. Profiting from Foreclosures; 7. Profiting from REOs and Other Special Sales; 8. Quick Profits Through Fix and Flip; 9. More Techniques for High Yields and Fast Profits; 10. Negotiate a Win-Win Agreement; 11. Managing Your Properties to Increase Their Value; 12. Develop The Best Lease; 13. Sell for Top Dollar; 14. Pay Less Tax; 15. An Income for Life; Internet Appendix; Index. | |
| 520 | _aThis easy to read guide, packed with examples, shows how you can make money investing in houses and small apartment buildings. Topics covered include owner financing, different approaches to valuation, cash flow, fixer-uppers, foreclosures, and lease options. | ||
| 650 | 0 |
_aReal estate investment _zUnited States. |
|
| 650 | 4 |
_aBienes raíces _96654 _zEstados Unidos |
|
| 650 | 4 |
_aInversión inmobiliaria _947085 |
|
| 700 | 1 |
_aEldred, Gary W., _d1944- _924032 |
|
| 856 | 4 | 2 |
_3Contributor biographical information _uhttp://www.loc.gov/catdir/bios/wiley045/2002190904.html |
| 856 | 4 | 2 |
_3Publisher description _uhttp://www.loc.gov/catdir/description/wiley039/2002190904.html |
| 856 | 4 | 1 |
_3Table of contents _uhttp://www.loc.gov/catdir/toc/wiley031/2002190904.html |
| 906 |
_a7 _bcbc _corignew _d1 _eocip _f20 _gy-gencatlg |
||
| 942 |
_2lcc _cBK |
||
| 999 |
_c42621 _d42621 |
||